[Event "Landesliga Nord 1516"]
[Site "Bayern"]
[Date "2015.10.11"]
[Round "1.8"]
[White "Fischer, Oliver1"]
[Black "Guentner, Peter"]
[Result "1-0"]
[WhiteElo "2044"]
[BlackElo "1840"]
[PlyCount "136"]
[EventDate "2015.10.11"]
[EventType "team-tourn"]
[EventRounds "9"]
[EventCountry "GER"]
[SourceTitle "EXT 2018"]
[Source "ChessBase"]
[SourceDate "2017.10.13"]
[SourceVersion "1"]
[SourceVersionDate "2017.10.13"]
[SourceQuality "1"]
[WhiteTeam "Nuernberg Sued SW"]
[BlackTeam "Rottendorf"]
[WhiteTeamCountry "GER"]
[BlackTeamCountry "GER"]

1. d4 g6 2. c4 Bg7 3. Nf3 c6 4. e4 d5 5. cxd5 cxd5 6. e5 Bg4 7. Qb3 Qd7 8. Nc3 Bxf3 9. gxf3 e6 10. Nb5 Bf8 11. Bf4 Nc6 12. 0-0-0 0-0-0 13. h4 h5 14. Kb1 Kb8 15. a3 Rc8 16. Qa4 a6 17. Nc3 Nge7 18. Bh3 Rc7 19. Rd2 Nc8 20. Bf1 Be7 21. Bg3 Nb6 22. Qb3 Ka7 23. Na4 Nxa4 24. Qxa4 Rhc8 25. Bb5 Kb8 26. Be2 Qd8 27. Rc2 Nxd4 28. Rxc7 Qxc7 29. Bxa6 Nxf3 30. Bb5 Nd2+ 31. Ka2 Qc2 32. Qxc2 Rxc2 33. Ba4 Rc8 34. Bd7 Rd8 35. Bb5 Nf3 36. Kb1 Nd4 37. Bd3 Rc8 38. Rd1 Nf3 39. Rh1 Rc5 40. Be2 Nd2+ 41. Ka2 Rc2 42. Bd3 Rc7 43. Bb5 Kc8 44. Rd1 Nf3 45. Rh1 Nd4 46. Bd3 Kd7 47. Rd1 Nf3 48. Rh1 Bf8 49. Bb5+ Ke7 50. Be2 Nd4 51. Bd3 Bg7 52. Bf4 Nf3 53. Rh3 Nxe5 54. Re3 Kd6 55. Bg3 Rc1 56. Bb1 d4 57. Re2 Rd1 58. Be4 b6 59. b4 Rg1 60. Rd2 Ke7 61. Rxd4 Ng4 62. Rc4 Re1 63. Rc7+ Ke8 64. Bc6+ Kf8 65. a4 Bf6 66. Kb3 Bd4 67. f3 Ne3 68. Bxe1 Ba1 1-0

[Event "Regionalliga NW 1415"]
[Site "Bayern"]
[Date "2015.01.18"]
[Round "5.6"]
[White "Hilgert, Richard"]
[Black "Guentner, Peter"]
[Result "1-0"]
[WhiteElo "1795"]
[BlackElo "1840"]
[PlyCount "68"]
[EventDate "2014.10.19"]
[EventType "team-tourn"]
[EventRounds "9"]
[EventCountry "GER"]
[SourceTitle "EXT 2018"]
[Source "ChessBase"]
[SourceDate "2017.10.13"]
[SourceVersion "1"]
[SourceVersionDate "2017.10.13"]
[SourceQuality "1"]
[WhiteTeam "Prichsenstadt"]
[BlackTeam "Rottendorf"]
[WhiteTeamCountry "GER"]
[BlackTeamCountry "GER"]

1. d4 g6 2. Nf3 Bg7 3. e4 c6 4. c4 d6 5. Nc3 Bg4 6. Be3 Nd7 7. Be2 e5 8. Qd2 f5 9. dxe5 dxe5 10. Qd6 Qe7 11. Qc7 f4 12. Bd2 Nc5 13. Qxe7+ Kxe7 14. b4 Ne6 15. 0-0 Nh6 16. Rfd1 Rhd8 17. Ne1 Nd4 18. Bxg4 Nxg4 19. h3 Nf6 20. Kf1 Rd7 21. Nd3 Ne8 22. Nc5 Rc7 23. Ne2 b6 24. Nb3 f3 25. gxf3 Nxf3 26. Be3 Nf6 27. Kg2 Nd4 28. Nexd4 exd4 29. Bxd4 Bf8 30. Be5 Rd7 31. Nd4 Rc8 32. Ne2 Rcd8 33. Rxd7+ Rxd7 34. Bc3 Bg7 1-0

[Event "Regionalliga NW 1213"]
[Site "Bayern"]
[Date "2013.02.03"]
[Round "6.7"]
[White "Brock, Arnulf"]
[Black "Guentner, Peter"]
[Result "1/2-1/2"]
[WhiteElo "1712"]
[BlackElo "1947"]
[PlyCount "21"]
[EventDate "2012.10.14"]
[EventType "team-tourn"]
[EventRounds "9"]
[EventCountry "GER"]
[SourceTitle "EXT 2015"]
[Source "ChessBase"]
[SourceDate "2014.11.20"]
[SourceVersion "1"]
[SourceVersionDate "2014.11.20"]
[SourceQuality "1"]
[WhiteTeam "Hof"]
[BlackTeam "Rottendorf"]
[WhiteTeamCountry "GER"]
[BlackTeamCountry "GER"]

1. c4 e5 2. Nc3 Nf6 3. g3 Bc5 4. Bg2 0-0 5. e3 c6 6. Nge2 d5 7. d4 exd4 8. exd4 Bb4 9. cxd5 Nxd5 10. 0-0 Bg4 11. f3 1/2-1/2

[Event "Oberliga Bayern 9596"]
[Site "Bayern"]
[Date "1996.??.??"]
[Round "?"]
[White "Epding, Olaf"]
[Black "Guentner, Peter"]
[Result "1-0"]
[WhiteElo "2150"]
[BlackElo "2095"]
[PlyCount "120"]
[EventDate "1995.10.15"]
[EventType "team-tourn"]
[EventRounds "9"]
[EventCountry "GER"]
[SourceTitle "EXT 2020"]
[Source "ChessBase"]
[SourceDate "2019.10.17"]
[SourceVersion "1"]
[SourceVersionDate "2019.10.17"]
[SourceQuality "1"]
[WhiteTeam "Muenchen Siemens"]
[BlackTeam "Kitzingen SC"]
[WhiteTeamCountry "GER"]
[BlackTeamCountry "GER"]

1. e4 g6 2. d4 Bg7 3. Nc3 c6 4. Bc4 d6 5. Qf3 e6 6. Be3 Qe7 7. Nge2 Nf6 8. Bg5 e5 9. dxe5 dxe5 10. h3 Nbd7 11. a4 0-0 12. 0-0 Nc5 13. Rfd1 Be6 14. Bxe6 Nxe6 15. Bh4 Rfd8 16. Qe3 a6 17. Qb6 h6 18. f3 Rxd1+ 19. Rxd1 Rd8 20. Rxd8+ Nxd8 21. Bf2 Ne6 22. Be3 Qd7 23. Qa7 Nh5 24. Bf2 Qd2 25. Qxb7 Nhf4 26. Nxf4 Nxf4 27. Qxa6 Qxc2 28. Qf1 Qxb2 29. Nb1 Qa1 30. Qd1 Qb2 31. a5 Qa2 32. Qd8+ Bf8 33. Nd2 Kg7 34. Be3 Bb4 35. Bxf4 Qa1+ 36. Kh2 exf4 37. Nb3 Qa3 38. Qd4+ Kh7 39. Qc4 Kg7 40. a6 c5 41. e5 Be1 42. Qxf4 Qxb3 43. Qf6+ Kh7 44. e6 Qb8+ 45. f4 fxe6 46. Qf7+ Kh8 47. a7 Qc8 48. Qf6+ Kh7 49. Qe5 Qd8 50. Qe4 Qc7 51. a8Q Bd2 52. g3 Bc3 53. Qab7 Qxb7 54. Qxb7+ Bg7 55. Qe7 h5 56. Qxc5 Bf6 57. Qf8 Bg7 58. Qe8 Bf6 59. Qxe6 Bg7 60. g4 hxg4 1-0

[Event "Landesliga Nord 9495"]
[Site "Bayern"]
[Date "1995.01.15"]
[Round "4.7"]
[White "Hofmann, Martin"]
[Black "Guentner, Peter"]
[Result "1-0"]
[WhiteElo "2070"]
[BlackElo "2095"]
[PlyCount "80"]
[EventDate "1994.10.09"]
[EventType "team-tourn"]
[EventRounds "9"]
[EventCountry "GER"]
[SourceTitle "EXT 1999"]
[Source "ChessBase"]
[SourceDate "1998.11.16"]
[SourceVersion "1"]
[SourceVersionDate "1998.11.16"]
[SourceQuality "1"]
[WhiteTeam "Erlangen TB"]
[BlackTeam "Kitzingen SC"]
[WhiteTeamCountry "GER"]
[BlackTeamCountry "GER"]

1. Nf3 g6 2. d4 Bg7 3. c4 d6 4. Nc3 Nc6 5. d5 Ne5 6. Nd4 c5 7. dxc6 Nxc6 8. e3 Nf6 9. Be2 0-0 10. 0-0 e5 11. Ndb5 Ne8 12. Ne4 Be6 13. Nexd6 Nxd6 14. Nxd6 Qb6 15. Qa4 a6 16. Rb1 f5 17. b4 Rfd8 18. c5 Qc7 19. Rd1 b5 20. Qc2 Bf8 21. a3 Bxd6 22. cxd6 Rxd6 23. Bb2 Rad8 24. Rxd6 Qxd6 25. Rd1 Bd5 26. Bf3 Qe6 27. Be2 Rc8 28. Qd2 Rd8 29. Qc3 Kf7 30. h3 Rc8 31. Qd2 Rd8 32. Qc3 Ke7 33. Qc5+ Qd6 34. Qc3 Ke6 35. f3 Rc8 36. e4 Ne7 37. Rxd5 Rxc3 38. Rxd6+ Kxd6 39. Bxc3 Nc6 40. Kf2 Ke6 1-0

[Event "Oberliga Bayern 9596"]
[Site "Bayern"]
[Date "1995.??.??"]
[Round "?"]
[White "Guentner, Peter"]
[Black "Keller, Andreas2"]
[Result "1-0"]
[WhiteElo "2095"]
[BlackElo "2243"]
[PlyCount "73"]
[EventDate "1995.10.15"]
[EventType "team-tourn"]
[EventRounds "9"]
[EventCountry "GER"]
[SourceTitle "EXT 2020"]
[Source "ChessBase"]
[SourceDate "2019.10.17"]
[SourceVersion "1"]
[SourceVersionDate "2019.10.17"]
[SourceQuality "1"]
[WhiteTeam "Kitzingen SC"]
[BlackTeam "Muenchen FC Bayern"]
[WhiteTeamCountry "GER"]
[BlackTeamCountry "GER"]

1. d4 Nf6 2. Bg5 g6 3. e3 Bg7 4. Bd3 c5 5. c3 d5 6. Nd2 0-0 7. f4 Qb6 8. Rb1 Bd7 9. Qe2 Nc6 10. Ngf3 Bg4 11. h3 Bxf3 12. Nxf3 Ne4 13. Bh4 h6 14. 0-0 cxd4 15. exd4 f5 16. Kh2 e6 17. Rg1 Qc7 18. g3 a6 19. Rbf1 Kh7 20. Qe3 Rg8 21. Kh1 Raf8 22. Rg2 Bf6 23. Bxf6 Rxf6 24. g4 Rff8 25. Rfg1 Qe7 26. h4 Qf7 27. g5 h5 28. c4 Rc8 29. Rc2 Rgd8 30. c5 Nb4 31. Re2 Nxa2 32. Ne5 Qc7 33. Bxe4 dxe4 34. Qa3 Rxd4 35. Qxa2 Qxc5 36. Qxe6 Rg8 37. Nd7 1-0

[Event "Oberliga Bayern 9596"]
[Site "Bayern"]
[Date "1995.??.??"]
[Round "?"]
[White "Tran, Phat"]
[Black "Guentner, Peter"]
[Result "0-1"]
[WhiteElo "2105"]
[BlackElo "2095"]
[PlyCount "82"]
[EventDate "1995.10.15"]
[EventType "team-tourn"]
[EventRounds "9"]
[EventCountry "GER"]
[SourceTitle "EXT 2020"]
[Source "ChessBase"]
[SourceDate "2019.10.17"]
[SourceVersion "1"]
[SourceVersionDate "2019.10.17"]
[SourceQuality "1"]
[WhiteTeam "Nuernberg Noris Tarrasch"]
[BlackTeam "Kitzingen SC"]
[WhiteTeamCountry "GER"]
[BlackTeamCountry "GER"]

1. e4 g6 2. d4 Bg7 3. Nc3 c6 4. Be3 d5 5. Qd2 Nf6 6. e5 Ng4 7. Bf4 h5 8. Nf3 Bf5 9. h3 Nh6 10. Be2 Nd7 11. 0-0-0 b5 12. Nh4 Qa5 13. Nxf5 Nxf5 14. g4 Nh6 15. gxh5 gxh5 16. Bxh5 b4 17. Nb1 e6 18. a3 Bf8 19. axb4 Bxb4 20. Qe2 Rb8 21. Bxh6 Rxh6 22. Qf3 Rh7 23. Rhg1 Bf8 24. Qg4 Kd8 25. f4 Qa1 26. b3 Ba3+ 27. Kd2 Qxd4+ 28. Ke2 Qe4+ 29. Kf1 Bc5 30. Rg2 Rb4 31. c4 Rxb3 32. Nd2 Qd3+ 33. Ke1 Bb4 34. cxd5 cxd5 35. f5 Qxf5 36. Qxf5 exf5 37. Rg8+ Ke7 38. Be2 Rb2 39. Rg3 Nxe5 40. Re3 Kf6 41. Bd3 Rh5 0-1

[Event "Landesliga Nord 9495"]
[Site "Bayern"]
[Date "1994.??.??"]
[Round "?.7"]
[White "Scholz, Michael2"]
[Black "Guentner, Peter"]
[Result "0-1"]
[WhiteElo "1873"]
[BlackElo "2098"]
[PlyCount "54"]
[EventDate "1994.10.09"]
[EventType "team-tourn"]
[EventRounds "9"]
[EventCountry "GER"]
[SourceTitle "EXT 2020"]
[Source "ChessBase"]
[SourceDate "2019.10.17"]
[SourceVersion "1"]
[SourceVersionDate "2019.10.17"]
[SourceQuality "1"]
[WhiteTeam "Hof SK II"]
[BlackTeam "Kitzingen SC"]
[WhiteTeamCountry "GER"]
[BlackTeamCountry "GER"]

1. c4 g6 2. Nc3 Bg7 3. d4 d6 4. e4 Nc6 5. Be3 e5 6. d5 Nce7 7. f4 exf4 8. Bxf4 f5 9. exf5 Nxf5 10. Nf3 Nf6 11. Bd3 Qe7+ 12. Qe2 Qxe2+ 13. Bxe2 0-0 14. 0-0-0 Ng4 15. Rde1 Nfe3 16. Bxe3 Nxe3 17. Bf1 Bh6 18. Nd2 Bf5 19. Nd1 Nc2 20. Re7 Rae8 21. Rxe8 Rxe8 22. h3 Nb4 23. b3 Re1 24. c5 Nxa2+ 25. Kb2 Rxd1 26. Kxa2 Bxd2 27. c6 b6 0-1